[Event "World Rapid 2025"]
[Site "Doha QAT"]
[Date "2025.12.27"]
[Round "8.33"]
[White "Rapport, Richard"]
[Black "Tin, Jingyao"]
[Result "0-1"]
[WhiteTitle "GM"]
[BlackTitle "GM"]
[WhiteElo "2741"]
[BlackElo "2584"]
[WhiteFideId "738590"]
[BlackFideId "5804418"]
[EventDate "2025.12.26"]

1. e4 e5 2. Nf3 Nc6 3. Bc4 Bc5 4. d3 Nf6 5. Nc3 d6 6. Na4 Bb6 7. a3 Be6 8. Bxe6
fxe6 9. O-O O-O 10. b4 Qe8 11. c3 Ne7 12. Re1 Ng6 13. Ra2 h6 14. d4 d5 15. dxe5
Nxe4 16. Nd4 Bxd4 17. cxd4 b5 18. f3 bxa4 19. fxe4 Rd8 20. exd5 Rxd5 21. Qg4 h5
22. Qxh5 Rxd4 23. Rd2 Qf7 24. Rde2 Rd3 25. h3 Qf5 26. Qxf5 Rxf5 27. Rc2 Rxe5 28.
Rxe5 Nxe5 29. Rxc7 Rb3 30. Bf4 Nd3 31. Bd6 Rxa3 32. Rxa7 e5 33. Kh2 Ra2 34. Kg3
e4 35. b5 e3 36. b6 e2 37. Re7 e1=Q+ 38. Rxe1 Nxe1 39. b7 Rxg2+ 40. Kf4 Rb2 41.
b8=R+ Rxb8 42. Bxb8 a3 43. Kf5 Nf3 0-1

[Event "World Rapid 2025"]
[Site "Doha QAT"]
[Date "2025.12.27"]
[Round "8.34"]
[White "Le, Tuan Minh"]
[Black "Santos Latasa, Jaime"]
[Result "0-1"]
[WhiteTitle "GM"]
[BlackTitle "GM"]
[WhiteElo "2598"]
[BlackElo "2616"]
[WhiteFideId "12401153"]
[BlackFideId "2293307"]
[EventDate "2025.12.26"]

1. d4 Nf6 2. c4 e6 3. Nf3 d5 4. Nc3 Bb4 5. e3 O-O 6. Bd2 b6 7. cxd5 exd5 8. Rc1
c5 9. Be2 Nc6 10. O-O cxd4 11. Nxd4 Nxd4 12. exd4 Bd6 13. Bg5 h6 14. Bxf6 Qxf6
15. Nxd5 Qd8 16. Bf3 Rb8 17. g3 Re8 18. Qd3 Bh3 19. Rfe1 Rc8 20. Nc3 Bf8 21. Bg2
Rxe1+ 22. Rxe1 Bd7 23. h4 Qf6 24. Re3 Rd8 25. Bd5 Bg4 26. Qc4 h5 27. Re5 Rc8 28.
Qd3 Bd6 29. Ne4 Qf3 30. Bxf7+ Kf8 31. Qxf3 Bxf3 32. Re8+ Rxe8 33. Bxe8 Bxe4 34.
Bxh5 Be7 35. Be2 Bf6 36. Bc4 Bxd4 37. b3 Ke7 38. Kf1 Bf3 39. Be2 Bd5 40. Bd3 Kd6
41. Ke2 Kc5 42. f4 Bb2 43. g4 Kd4 44. g5 Bc1 45. f5 Bf4 46. Bc2 Ke5 47. Kf2 Bc6
48. Ke2 Bd7 49. f6 gxf6 50. gxf6 Kxf6 51. Be4 Bg3 52. h5 Bg4+ 53. Kd3 Bxh5 54.
Kc4 Ke5 55. Bg2 Be2+ 56. Kc3 Be1+ 0-1

[Event "World Rapid 2025"]
[Site "Doha QAT"]
[Date "2025.12.27"]
[Round "8.35"]
[White "Pantsulaia, Levan"]
[Black "Radjabov, Teimour"]
[Result "0-1"]
[WhiteTitle "GM"]
[BlackTitle "GM"]
[WhiteElo "2472"]
[BlackElo "2692"]
[WhiteFideId "13602071"]
[BlackFideId "13400924"]
[EventDate "2025.12.26"]

1. Nf3 d5 2. c4 c6 3. g3 g6 4. Bg2 Bg7 5. O-O Nf6 6. d4 O-O 7. a4 a5 8. Na3 Qb6
9. cxd5 cxd5 10. Nb5 Bd7 11. Qb3 Na6 12. Bd2 Nc7 13. Ne5 Bxb5 14. e3 e6 15. Rfc1
Rfc8 16. Bf1 Ne4 17. Be1 Bxe5 18. dxe5 Nc5 19. Rxc5 Qxc5 20. axb5 d4 21. exd4
Qxd4 22. Rd1 Qxe5 23. Bc3 Qf5 24. Bc4 Rd8 25. Re1 a4 26. Qb4 Nd5 27. Bxd5 Rxd5
28. b6 Qf3 29. Qe7 Rf5 30. Bd4 Rc8 31. h4 h5 32. Qd7 Qc6 33. Qe7 Re8 34. Qb4 Rd8
35. Be3 Rfd5 36. Bg5 R8d6 37. Bf4 e5 38. Rxe5 Rxe5 39. Bc1 0-1

[Event "World Rapid 2025"]
[Site "Doha QAT"]
[Date "2025.12.27"]
[Round "8.36"]
[White "Esipenko, Andrey"]
[Black "Alexakis, Dimitris"]
[Result "1-0"]
[WhiteTitle "GM"]
[BlackTitle "GM"]
[WhiteElo "2698"]
[BlackElo "2544"]
[WhiteFideId "24175439"]
[BlackFideId "4277023"]
[EventDate "2025.12.26"]

1. e4 c5 2. Nf3 e6 3. d4 cxd4 4. Nxd4 Nc6 5. Nc3 Qc7 6. Ncb5 Qb8 7. Bd3 Nf6 8.
O-O Be7 9. c4 a6 10. Nxc6 bxc6 11. Nc3 c5 12. Be3 O-O 13. Rb1 Bb7 14. a3 Rd8 15.
Bg5 Qc7 16. Qe2 h6 17. Bh4 d6 18. Kh1 Re8 19. Bg3 Nd7 20. f4 Bf6 21. Qd2 Bd4 22.
Ne2 e5 23. Nxd4 exd4 24. Rbe1 Nf6 25. Qc2 Ng4 26. Bf2 Re7 27. h3 Nxf2+ 28. Rxf2
f5 29. Rfe2 fxe4 30. Bxe4 Bxe4 31. Rxe4 Rae8 32. b4 Qb7 33. Rxe7 Rxe7 34. Rxe7
Qxe7 35. b5 Qe3 36. Qf5 axb5 37. cxb5 d3 38. Qd5+ Kh7 39. Qf5+ Kg8 40. b6 Qc1+
41. Kh2 Qb2 42. Qd5+ Kh8 43. Qxd6 d2 44. a4 Qxb6 45. Qxb6 d1=Q 46. a5 c4 47. a6
Qd2 48. Qb8+ Kh7 49. a7 1-0

[Event "World Rapid 2025"]
[Site "Doha QAT"]
[Date "2025.12.27"]
[Round "8.37"]
[White "Bortnyk, Olexandr"]
[Black "Gurel, Ediz"]
[Result "0-1"]
[WhiteTitle "GM"]
[BlackTitle "GM"]
[WhiteElo "2601"]
[BlackElo "2645"]
[WhiteFideId "14120828"]
[BlackFideId "44507356"]
[EventDate "2025.12.26"]

1. d4 Nf6 2. Nc3 d5 3. Bf4 e6 4. Nb5 Na6 5. e3 Be7 6. Nf3 O-O 7. h4 Ne4 8. Ng5
f5 9. Nxe4 fxe4 10. Nc3 c5 11. Bxa6 bxa6 12. Be5 Bf6 13. Bxf6 Qxf6 14. Qd2 Rb8
15. dxc5 Rxb2 16. O-O Qxh4 17. Rfb1 Rb7 18. Rxb7 Bxb7 19. Rb1 Bc6 20. Nd1 h6 21.
Qa5 Bb5 22. Qc7 Kh7 23. Qd6 Qf6 24. c6 Rc8 25. c7 Qf7 26. a4 Bxa4 27. Rb7 Qd7
28. Qxd7 Bxd7 29. Rxa7 Kg6 30. Nc3 Bb5 31. Rb7 Kf6 32. Kh2 Ke7 33. Nxb5 axb5 34.
Kg3 Kd7 35. Rxb5 Rxc7 36. Rb2 Ke7 37. Kg4 Kf6 38. Ra2 g6 39. Rb2 h5+ 40. Kh4 Kf5
41. Ra2 g5+ 42. Kh3 h4 43. g4+ hxg3 44. Kxg3 Rc3 45. Kg2 Rc5 46. Kg3 Rc6 47. Rb2
Rc4 48. Ra2 Rc3 49. Kg2 Rc8 50. Kg3 Rc5 51. Rb2 e5 52. Rb8 Rxc2 53. Rf8+ Ke6 54.
Re8+ Kf6 55. Rf8+ Ke7 56. Rf5 Ke6 57. Rxg5 Rc1 58. Rg6+ Kf5 59. Rd6 Rg1+ 60. Kh2
Rd1 61. Kg2 d4 62. Rd5 d3 63. Rd6 Rd2 64. Kg3 Ra2 65. Kg2 Ra7 66. Kf1 Kg4 67.
Rg6+ Kf5 68. Rd6 Rg7 69. Rd8 Ke6 70. Re8+ Re7 71. Rf8 Ra7 72. Ke1 Ra1+ 73. Kd2
Rf1 74. Kc3 Rd1 75. Kb2 Re1 76. Re8+ Kf5 77. Rg8 d2 0-1

[Event "World Rapid 2025"]
[Site "Doha QAT"]
[Date "2025.12.27"]
[Round "8.38"]
[White "Mendonca, Leon Luke"]
[Black "Martinez Alcantara, Jose Eduardo"]
[Result "1-0"]
[WhiteTitle "GM"]
[BlackTitle "GM"]
[WhiteElo "2615"]
[BlackElo "2667"]
[WhiteFideId "35028561"]
[BlackFideId "3805662"]
[EventDate "2025.12.26"]

1. Nf3 c5 2. e3 g6 3. d4 Bg7 4. Be2 Nf6 5. O-O cxd4 6. exd4 d5 7. c3 O-O 8. Bf4
Nc6 9. Nbd2 Bf5 10. Qb3 Qb6 11. Rfe1 Rac8 12. h3 Ne4 13. g4 Nxd2 14. Nxd2 Be6
15. Qxb6 axb6 16. Bb5 Rfe8 17. Re3 Bd7 18. Rae1 e6 19. Kg2 Red8 20. g5 Na5 21.
Bd3 Nc4 22. Bxc4 dxc4 23. Kg3 b5 24. a3 Bc6 25. h4 Rd5 26. Nf3 Rf5 27. Ne5 Bxe5
28. Rxe5 h5 29. gxh6 Kh7 30. Rxf5 gxf5 31. Bg5 Rf8 32. Kf4 Kg6 33. Ke5 Rh8 34.
Rg1 Rh7 35. Bf4+ Kh5 36. Rg7 Rh8 37. Bg5 Be4 1-0

[Event "World Rapid 2025"]
[Site "Doha QAT"]
[Date "2025.12.27"]
[Round "8.39"]
[White "Grandelius, Nils"]
[Black "Mitrabha, Guha"]
[Result "1-0"]
[WhiteTitle "GM"]
[BlackTitle "GM"]
[WhiteElo "2664"]
[BlackElo "2508"]
[WhiteFideId "1710400"]
[BlackFideId "5057000"]
[EventDate "2025.12.26"]

1. c4 Nf6 2. Nc3 e5 3. Nf3 Nc6 4. d3 Bb4 5. Bd2 O-O 6. e3 d6 7. Be2 a5 8. O-O
Re8 9. Rc1 h6 10. Qc2 Bf5 11. Rfd1 Bh7 12. a3 Bxc3 13. Bxc3 e4 14. dxe4 Nxe4 15.
Bd3 a4 16. Nd4 Bg6 17. Ne2 Nxc3 18. Nxc3 Bxd3 19. Rxd3 Ne5 20. Rd4 Qg5 21. Qd1
Nc6 22. Rg4 Qa5 23. Nd5 Re6 24. h3 Kh8 25. Rg3 Ne5 26. Kh2 c6 27. Nf4 Ree8 28.
Nh5 Ng6 29. Qg4 Re5 30. c5 Rg5 31. Qf3 Ne5 32. Qd1 Rxg3 33. Nxg3 dxc5 34. Qd6 c4
35. f4 Ng6 36. Rxc4 Rd8 37. Rxa4 Rxd6 38. Rxa5 Rd2 39. Nf5 Rxb2 40. Kg3 Rd2 41.
Kf3 Kh7 42. Ra8 Rd7 43. Re8 h5 44. g4 hxg4+ 45. hxg4 c5 46. Rc8 b6 47. Rc6 Ra7
48. Rxb6 Rxa3 49. Rb7 Kg8 50. Rc7 Ra8 51. Rxc5 Rd8 52. Rc7 Kf8 53. Nd4 Ra8 54.
Nc6 Re8 55. f5 Ne5+ 56. Nxe5 Rxe5 57. Rc8+ Ke7 58. Rg8 Kf6 59. Kf4 Ra5 60. g5+
Ke7 61. Rxg7 Kf8 62. Rh7 Kg8 63. Rh1 Ra2 64. Rb1 Kg7 65. Rb7 Kg8 66. e4 Ra5 67.
Rb6 Kg7 68. g6 f6 69. Rb7+ Kg8 70. Rf7 Ra6 71. Kg4 Rb6 72. Kh5 Ra6 73. Kh6 Ra4
74. Re7 Ra8 75. e5 fxe5 76. Rxe5 Kf8 77. f6 Ra6 78. Kh7 1-0

[Event "World Rapid 2025"]
[Site "Doha QAT"]
[Date "2025.12.27"]
[Round "8.40"]
[White "Agmanov, Zhandos"]
[Black "Ponomariov, Ruslan"]
[Result "1/2-1/2"]
[WhiteTitle "IM"]
[BlackTitle "GM"]
[WhiteElo "2471"]
[BlackElo "2639"]
[WhiteFideId "13708309"]
[BlackFideId "14103320"]
[EventDate "2025.12.26"]

1. e4 c5 2. c3 d5 3. exd5 Qxd5 4. d4 Nf6 5. Nf3 Nc6 6. Be2 e6 7. O-O cxd4 8.
cxd4 Be7 9. Nc3 Qd6 10. Be3 O-O 11. Re1 a6 12. a3 b5 13. Ne5 Bb7 14. Bf3 Rac8
15. Bf4 Qd8 16. Nxc6 Bxc6 17. Bxc6 Rxc6 18. Qf3 Rc4 19. Qb7 b4 20. Qxa6 Rxd4 21.
Ne2 Rd7 22. axb4 Bxb4 23. Rec1 h6 24. h3 Bd2 25. Bxd2 Rxd2 26. b4 Nd5 27. Rab1
Qf6 28. Qc4 Ra8 29. Rc2 Qf5 30. Rbc1 Rxc2 31. Qxc2 Qxc2 32. Rxc2 Nxb4 33. Rd2 g6
34. g3 Kg7 35. Nf4 Ra7 36. Rd6 Na6 37. Rc6 Nc7 38. h4 Nb5 39. Kg2 Nd4 40. Rc4
Nf5 41. Rc2 Rd7 42. Ra2 Rd4 43. Ne2 Rc4 44. Ng1 e5 45. Nf3 e4 46. Nd2 Rb4 47.
Nf1 Nd4 48. Nd2 Ne6 49. Nf1 Nc5 50. Re2 Nd3 51. f3 exf3+ 52. Kxf3 Kf6 53. Ne3
Ne5+ 54. Kg2 Rd4 55. Ra2 h5 56. Kf2 Kg7 57. Kg2 Rd6 58. Rc2 Nd3 59. Ra2 Re6 60.
Nf1 f5 61. Nh2 Nc1 62. Ra7+ Kf6 63. Nf3 Nd3 64. Ng5 Rb6 65. Rf7+ Ke5 66. Re7+
Kd5 67. Rd7+ Kc4 68. Rc7+ Nc5 69. Rc8 Kd5 70. Rd8+ Rd6 71. Ra8 Ne4 72. Ra5+ Kc4
73. Ra4+ Kd3 74. Nf3 Rb6 75. Ra3+ Kc4 76. Ra4+ Kd5 77. Ra5+ Ke6 78. Ra2 Kf6 79.
Nd4 Nc3 80. Rc2 Nd5 81. Re2 f4 82. Ra2 Rd6 83. Ne2 fxg3 84. Kxg3 Ne3 85. Ra3
Nf5+ 86. Kh3 Re6 87. Ng3 Re3 88. Rxe3 Nxe3 89. Ne4+ Ke5 90. Nc5 Nf5 91. Nd7+ Kf4
92. Nf8 Ne7 93. Ne6+ Ke5 94. Nc5 Kd5 95. Nd7 Kd6 96. Nf8 Ke5 97. Nd7+ Kf5 98.
Nb6 Nc6 99. Nd5 Ke5 100. Nb6 Ke4 101. Nd7 Ne5 102. Nc5+ Kf3 103. Ne6 Nd3 104.
Ng5+ Ke3 105. Kg3 Nf4 106. Nf7 Ne2+ 107. Kh3 Kf4 108. Nh8 Kf5 109. Nf7 Nc3 110.
Nd6+ Ke6 111. Nc4 Ne2 112. Nb6 Nc3 113. Nc4 Ne4 114. Nb2 Nd6 115. Nd3 Kf5 116.
Nc5 Ne4 117. Nd3 Nc3 118. Nc5 Ne2 119. Nd7 Nf4+ 120. Kg3 Nd3 121. Nb6 Ke4 122.
Nc4 Nc5 123. Nd6+ Kd5 124. Nb5 Ke5 125. Nc7 Ne4+ 126. Kf3 Nd6 127. Kg3 Nf5+ 128.
Kh3 Nd4 129. Na6 Ne6 130. Nb4 Ke4 131. Kg3 Nd4 132. Kh3 Nf5 133. Nc6 Kf4 134.
Nb4 Ne7 135. Nd3+ Ke4 136. Nc5+ Kf3 137. Nd3 Nc6 138. Nc5 Ne5 139. Ne6 Nd3 140.
Nd4+ Ke3 141. Nc6 Kf2 142. Nd4 Nf4+ 143. Kh2 Ke3 144. Nc6 Kf3 145. Ne5+ Ke4 146.
Nc6 Kf3 147. Ne5+ Kf2 148. Nc4 1/2-1/2

[Event "World Rapid 2025"]
[Site "Doha QAT"]
[Date "2025.12.27"]
[Round "8.41"]
[White "Vetokhin, Savva"]
[Black "Martirosyan, Haik M."]
[Result "1/2-1/2"]
[WhiteTitle "GM"]
[BlackTitle "GM"]
[WhiteElo "2572"]
[BlackElo "2625"]
[WhiteFideId "44144474"]
[BlackFideId "13306553"]
[EventDate "2025.12.26"]

1. d4 Nf6 2. c4 e6 3. Nc3 Bb4 4. e3 O-O 5. Bd3 d5 6. a3 Bxc3+ 7. bxc3 dxc4 8.
Bxc4 c5 9. Ne2 Nc6 10. O-O e5 11. a4 cxd4 12. cxd4 exd4 13. Nxd4 Nxd4 14. exd4
Be6 15. Bxe6 fxe6 16. Re1 Qd5 17. Bf4 Rad8 18. Be5 Nd7 19. Qg4 Nxe5 20. dxe5 Kh8
21. h3 h6 22. Rac1 Qd2 23. Qe2 Qa5 24. Qg4 Rf5 25. Qe4 Rdf8 26. f3 b6 27. Re2
Rf4 28. Qc6 Qxa4 29. Qxe6 Qd4+ 30. Kh1 b5 31. Qd6 Qxd6 32. exd6 Rd4 33. Rc7 Rxd6
34. Rxa7 Rb8 35. Ree7 Rg6 36. h4 b4 37. Reb7 Rb6 38. Rxg7 b3 39. Rh7+ 1/2-1/2

[Event "World Rapid 2025"]
[Site "Doha QAT"]
[Date "2025.12.27"]
[Round "8.42"]
[White "Haug, Havard"]
[Black "Harikrishna, Pentala"]
[Result "1/2-1/2"]
[WhiteTitle "FM"]
[BlackTitle "GM"]
[WhiteElo "2416"]
[BlackElo "2693"]
[WhiteFideId "1547887"]
[BlackFideId "5007003"]
[EventDate "2025.12.26"]

1. e4 e5 2. Nf3 Nc6 3. d4 exd4 4. Nxd4 Bc5 5. Nxc6 Qf6 6. Qf3 dxc6 7. Nc3 Ne7 8.
Be3 Bb6 9. Qxf6 gxf6 10. Bxb6 axb6 11. a3 b5 12. Rd1 O-O 13. Be2 f5 14. exf5
Bxf5 15. Bd3 Rad8 16. Bxf5 Nxf5 17. Rd2 Rd6 18. Rxd6 cxd6 19. Kd2 d5 20. Re1 Kg7
21. g4 Nd6 22. f3 h5 23. h3 hxg4 24. hxg4 Rh8 25. b3 Rh3 26. Rf1 f5 27. gxf5
Nxf5 28. Ne2 Kf6 29. b4 Nd6 30. Nd4 Nc4+ 31. Kd3 Rh8 32. Re1 Ra8 33. Re6+ Kf7
34. Rh6 Rxa3+ 35. Nb3 Ne5+ 36. Kc3 Nxf3 37. Rh7+ Ke6 38. Rxb7 Kd6 39. Rh7 Ng5
40. Rh6+ Kc7 41. Kb2 Ra4 42. c3 Ne4 43. Nd4 Nd6 44. Rh7+ Kb6 45. Rh6 Kc7 46.
Rh7+ Kb6 47. Rh6 Kc7 1/2-1/2

[Event "World Rapid 2025"]
[Site "Doha QAT"]
[Date "2025.12.27"]
[Round "8.43"]
[White "Gokerkan, Cem Kaan"]
[Black "Lu, Shanglei"]
[Result "0-1"]
[WhiteTitle "GM"]
[BlackTitle "GM"]
[WhiteElo "2510"]
[BlackElo "2643"]
[WhiteFideId "6336760"]
[BlackFideId "8603332"]
[EventDate "2025.12.26"]

1. e4 c5 2. c3 d5 3. exd5 Qxd5 4. d4 Nf6 5. Nf3 e6 6. Na3 Nc6 7. Be3 cxd4 8. Nb5
Qd7 9. Nbxd4 Be7 10. Nxc6 Qxc6 11. Ne5 Qe4 12. Qd4 Qxd4 13. Bxd4 O-O 14. g3 Rd8
15. Bg2 Nd5 16. O-O-O f6 17. Nc4 b6 18. Rhe1 Kf7 19. f4 Bb7 20. Bh3 Nc7 21. Re3
Bd5 22. Nd2 Nb5 23. Nb3 Rac8 24. Kb1 f5 25. Bf1 Nxd4 26. Nxd4 g5 27. Rde1 gxf4
28. gxf4 Bh4 29. Rd1 Bf6 30. Ba6 Rc7 31. Rh3 Kg8 32. a3 Rg7 33. Re3 Kf7 34. Ree1
Rg4 35. Nxf5 Be4+ 36. Rxe4 Rxd1+ 37. Kc2 exf5 0-1

[Event "World Rapid 2025"]
[Site "Doha QAT"]
[Date "2025.12.27"]
[Round "8.44"]
[White "Gan-Erdene, Sugar"]
[Black "Alekseenko, Kirill"]
[Result "1/2-1/2"]
[WhiteTitle "IM"]
[BlackTitle "GM"]
[WhiteElo "2444"]
[BlackElo "2659"]
[WhiteFideId "4902980"]
[BlackFideId "4135539"]
[EventDate "2025.12.26"]

1. e4 e5 2. Nf3 Nc6 3. Nc3 Nf6 4. a3 d6 5. h3 Be7 6. d4 exd4 7. Nxd4 O-O 8. Be2
Re8 9. O-O Bf8 10. Bg5 h6 11. Bxf6 Qxf6 12. Ndb5 Qd8 13. Nd5 Rxe4 14. Bd3 Rh4
15. Nbxc7 Bxh3 16. gxh3 Rc8 17. f4 Rxc7 18. Nxc7 Qxc7 19. Qf3 d5 20. Qxd5 Rxh3
21. Kg2 Re3 22. Rae1 Rxe1 23. Rxe1 Qxf4 24. Re8 g6 25. Qc5 Qg4+ 26. Kf1 Qh3+ 27.
Ke1 Qh4+ 28. Kd1 Qg4+ 29. Ke1 Qh4+ 30. Kd1 Qg4+ 1/2-1/2

[Event "World Rapid 2025"]
[Site "Doha QAT"]
[Date "2025.12.27"]
[Round "8.45"]
[White "Sadhwani, Raunak"]
[Black "Dudin, Gleb"]
[Result "0-1"]
[WhiteTitle "GM"]
[BlackTitle "GM"]
[WhiteElo "2638"]
[BlackElo "2585"]
[WhiteFideId "35093487"]
[BlackFideId "34184934"]
[EventDate "2025.12.26"]

1. e4 c5 2. Nc3 Nc6 3. g3 g6 4. Bg2 Bg7 5. d3 d6 6. f4 e6 7. Nf3 Nge7 8. h4 h5
9. O-O Rb8 10. a4 b6 11. Be3 O-O 12. Ng5 d5 13. Bf2 Nd4 14. e5 Ndf5 15. g4 hxg4
16. Qxg4 f6 17. exf6 Bxf6 18. Rae1 Ng7 19. Qg3 Nef5 20. Qh2 Rb7 21. Kh1 Re7 22.
Rg1 Bb7 23. Bf3 Qe8 24. a5 Kh8 25. axb6 axb6 26. Re2 Nh5 27. Rge1 Nfg7 28. Nh3
Bc6 29. Nb1 Qf7 30. b4 Nf5 31. Ng1 Nd4 32. bxc5 bxc5 33. Nd2 Nxe2 34. Nxe2 Rc7
35. Bxc5 Re8 36. Rg1 Bb7 37. d4 Ba6 38. f5 Bxe2 39. Bxe2 exf5 40. Bxh5 gxh5 41.
Nf3 Re4 42. Bd6 Rc8 43. Be5 Rg4 44. Rf1 Qg7 45. Ng5 0-1

[Event "World Rapid 2025"]
[Site "Doha QAT"]
[Date "2025.12.27"]
[Round "8.46"]
[White "Orozbaev, Eldiyar"]
[Black "Moussard, Jules"]
[Result "0-1"]
[WhiteTitle "IM"]
[BlackTitle "GM"]
[WhiteElo "2348"]
[BlackElo "2600"]
[WhiteFideId "13802240"]
[BlackFideId "642908"]
[EventDate "2025.12.26"]

1. e4 d6 2. d4 Nf6 3. Nc3 e5 4. Nf3 Nbd7 5. Bc4 Be7 6. a4 O-O 7. O-O c6 8. a5 h6
9. Qe2 Re8 10. Rd1 exd4 11. Nxd4 Bf8 12. Be3 Nxe4 13. Nxe4 Rxe4 14. a6 Ne5 15.
Bb3 Ng4 16. Qf3 d5 17. Nxc6 Qc7 18. Bxd5 Rxe3 19. Qxf7+ Qxf7 20. Bxf7+ Kxf7 21.
Nd8+ Ke8 22. fxe3 bxa6 23. Nc6 Bb7 24. Na5 Be4 25. Rd4 Nf6 26. Nc4 Bc5 27. Nd6+
Kd7 28. Rxe4 Kxd6 29. Rxa6+ Bb6 30. Rd4+ Kc7 31. Rd3 Re8 32. Raa3 Ng4 33. Rac3+
Kb8 34. Rb3 Nxe3 35. h3 Nxc2+ 36. Kh2 Re7 37. Rb5 Ne3 38. g4 Kb7 39. Kg3 Kc6 40.
Rh5 Rf7 41. Re5 Nf1+ 42. Kh4 Rf6 43. g5 hxg5+ 44. Rxg5 Ne3 45. Rxg7 Rh6+ 46. Kg5
Rxh3 47. Rc3+ Kb5 48. Rd7 Rh2 49. Rb3+ Kc6 50. Rdd3 Nd5 51. Rh3 Rg2+ 52. Kf5 Re2
53. Rh7 Kc5 54. Rd7 Ne3+ 55. Kf4 Nc4 56. Kf3 Rc2 57. Kf4 Nxb2 58. Ra3 a5 59. Ra1
Nc4 60. Rb7 Rf2+ 61. Kg3 Rb2 62. Kf3 Rb3+ 63. Ke2 Kb4 64. Kd1 a4 65. Kc2 Ne3+
66. Kc1 Rc3+ 67. Kb1 Nc4 68. Ra2 a3 69. Rg2 Ka4 70. Ka2 Ba5 71. Ra7 Kb5 72. Rb7+
Bb6 73. Rb8 Rd3 74. Rc2 Rd4 75. Kb3 Rd3+ 76. Ka2 Rd4 77. Kb3 Rh4 78. Rc1 Rh3+
79. Ka2 Rh2+ 80. Kb3 Rb2+ 81. Kc3 Na5 82. Ra1 Ka4 83. Re8 Rb4 84. Ra2 Rc4+ 85.
Kd3 Kb3 86. Ra1 Rd4+ 87. Ke2 Kb2 88. Rh1 a2 89. Rb8 Rb4 90. Kd3 a1=Q 91. Rxa1
Kxa1 92. Rc8 Kb2 93. Rc2+ Kb3 94. Rc3+ Ka4 95. Kc2 Bd4 96. Rc8 Nb7 97. Kd3 Nc5+
98. Ke2 Rb2+ 99. Kf3 Rf2+ 100. Kg3 Kb4 101. Re8 Kc4 102. Kg4 Nd7 103. Kg3 Kd5
104. Rd8 Rf7 105. Re8 Ne5 106. Ra8 Ke4 107. Ra3 Rg7+ 108. Kh3 Be3 109. Ra4+ Kf3
110. Rb4 Nd3 0-1

[Event "World Rapid 2025"]
[Site "Doha QAT"]
[Date "2025.12.27"]
[Round "8.47"]
[White "Pranav, V"]
[Black "Uskov, Artem"]
[Result "1-0"]
[WhiteTitle "GM"]
[BlackTitle "GM"]
[WhiteElo "2641"]
[BlackElo "2516"]
[WhiteFideId "25060783"]
[BlackFideId "34254854"]
[EventDate "2025.12.26"]

1. e4 c5 2. Nf3 e6 3. b3 a6 4. Bb2 d5 5. e5 Nc6 6. g3 Nge7 7. Bg2 Ng6 8. O-O Be7
9. c4 O-O 10. Re1 b5 11. cxb5 axb5 12. d3 Re8 13. Nbd2 Bb7 14. h4 h6 15. a3 Rc8
16. Nf1 Ba6 17. Ne3 Qc7 18. Ng4 d4 19. h5 Nf8 20. Bc1 c4 21. dxc4 bxc4 22. bxc4
Bxc4 23. Nxd4 Nxd4 24. Qxd4 Nh7 25. Be3 Red8 26. Qb6 Qd7 27. a4 Bd5 28. Qb5 Qxb5
29. axb5 Ng5 30. Bxd5 Rxd5 31. Reb1 Nf3+ 32. Kg2 Nd2 33. Bxd2 Rxd2 34. b6 Rb8
35. b7 Rdd8 36. Ne3 f6 37. Nc4 Kf7 38. Na5 Rd7 39. Rb5 Rc7 40. Rab1 fxe5 41. Rb6
Kf6 42. Rc6 Rd7 43. Rc8 Bd6 44. Rxb8 Bxb8 45. Nc6 Bc7 46. b8=Q Bxb8 47. Rxb8 e4
48. Rf8+ Kg5 49. Rf4 Rd6 50. Ne5 Rd5 51. Nc4 Rd4 52. Na5 Kxh5 53. Nb3 Rb4 54.
Nd2 Rd4 55. Nxe4 Kg6 56. Kf3 e5 57. Rh4 Kf5 58. g4+ Ke6 59. Ke3 Rb4 60. f3 Rb3+
61. Kf2 Rb2+ 62. Kg3 Rb1 63. Rh2 Rg1+ 64. Rg2 Rh1 65. Ra2 h5 66. Ra6+ Ke7 67.
Ra7+ Kf8 68. gxh5 Rxh5 69. Kg4 g6 70. Ng5 Rh1 71. Nh7+ Ke8 72. Nf6+ Kd8 73. Kg3
Rg1+ 74. Kf2 Rg5 75. Rd7+ Kc8 76. Rg7 Kd8 77. Ne4 1-0

[Event "World Rapid 2025"]
[Site "Doha QAT"]
[Date "2025.12.27"]
[Round "8.48"]
[White "Pranav, Anand"]
[Black "Amin, Bassem"]
[Result "1-0"]
[WhiteTitle "GM"]
[BlackTitle "GM"]
[WhiteElo "2591"]
[BlackElo "2626"]
[WhiteFideId "46626786"]
[BlackFideId "10601457"]
[EventDate "2025.12.26"]

1. e4 e5 2. Nf3 Nc6 3. Bb5 a6 4. Ba4 Nf6 5. O-O Be7 6. d3 d6 7. c3 O-O 8. h3 h6
9. Re1 Re8 10. Nbd2 Bf8 11. Nf1 b5 12. Bc2 d5 13. Ng3 dxe4 14. dxe4 Qxd1 15.
Rxd1 Bb7 16. a4 g6 17. b4 Kg7 18. Be3 Bd6 19. Nd2 Rad8 20. Nb3 Be7 21. axb5
Rxd1+ 22. Bxd1 axb5 23. Be2 Rb8 24. Bxb5 Nd8 25. Bd3 Ne6 26. Ra7 Nf4 27. Bc2 Bd6
28. f3 Bc8 29. Kf2 Be6 30. Ne2 Nxe2 31. Kxe2 Bc4+ 32. Kf2 Nd7 33. Na5 Be6 34.
Bd3 f5 35. Bc4 Kf6 36. Bxh6 f4 37. h4 Bxc4 38. Nxc4 Ke6 39. Ra6 Nb6 40. Nxb6
cxb6 41. Bg5 Rc8 42. Ra3 Kd7 43. g3 fxg3+ 44. Kxg3 Kc6 45. Ra7 Kb5 46. Rd7 Rc6
47. Kg4 Kc4 48. Bd2 b5 49. Be1 Kd3 50. Bg3 Ke3 51. Rb7 Rxc3 52. Rxb5 Rc1 53. Rb6
Rd1 54. b5 Ke2 55. Rc6 Rd3 56. b6 Bb8 57. Rc8 Bd6 58. Rd8 1-0

[Event "World Rapid 2025"]
[Site "Doha QAT"]
[Date "2025.12.27"]
[Round "8.49"]
[White "Ibrahimli, Murad"]
[Black "Donchenko, Alexander"]
[Result "1/2-1/2"]
[WhiteTitle "IM"]
[BlackTitle "GM"]
[WhiteElo "2438"]
[BlackElo "2661"]
[WhiteFideId "13410229"]
[BlackFideId "24603295"]
[EventDate "2025.12.26"]

1. d4 Nf6 2. c4 e6 3. Nf3 b6 4. g3 Ba6 5. b3 Bb4+ 6. Bd2 Be7 7. Nc3 d5 8. cxd5
exd5 9. Bg2 O-O 10. O-O Nbd7 11. a3 c5 12. Bc1 Bb7 13. Bb2 Re8 14. Re1 Nf8 15.
e3 Ne6 16. Ne5 Rc8 17. Rc1 Bd6 18. Nf3 a6 19. Re2 h6 20. dxc5 bxc5 21. Nh4 Be5
22. Rd2 Ba8 23. b4 d4 24. Bxa8 Rxa8 25. Nf3 dxc3 26. Bxc3 Bxc3 27. Rxd8 Raxd8
28. Qb3 cxb4 29. axb4 Bd2 30. Rc2 Ne4 31. h4 a5 32. bxa5 N6c5 33. Qa2 Bc3 34. a6
Nd3 35. Qa3 Be1 36. Nxe1 Nxe1 37. Rc7 Nf3+ 38. Kg2 Ne5 39. Qa4 Ng4 40. Qb3 Rf8
41. a7 h5 42. Rc2 Nexf2 43. Rxf2 Nxf2 44. Kxf2 Rd7 45. Qb8 Rd2+ 46. Kf3 Ra2 47.
Kf4 Ra4+ 48. Ke5 g6 49. Kf6 Ra6+ 50. Ke7 Re6+ 51. Kd7 Ra6 52. e4 Ra4 53. Kd6
Ra6+ 54. Kd7 Ra4 55. Kd6 1/2-1/2

[Event "World Rapid 2025"]
[Site "Doha QAT"]
[Date "2025.12.27"]
[Round "8.50"]
[White "Raja, Harshit"]
[Black "Theodorou, Nikolas"]
[Result "1/2-1/2"]
[WhiteTitle "GM"]
[BlackTitle "GM"]
[WhiteElo "2472"]
[BlackElo "2652"]
[WhiteFideId "5089000"]
[BlackFideId "4262875"]
[EventDate "2025.12.26"]

1. e4 c5 2. Nf3 Nc6 3. Bb5 e6 4. Bxc6 bxc6 5. b3 e5 6. Nxe5 Qe7 7. Ng4 f5 8. Ne3
f4 9. Nc4 d5 10. Na5 Qc7 11. b4 cxb4 12. Nb3 Nf6 13. O-O dxe4 14. d3 Bd6 15.
N1d2 O-O 16. dxe4 Be5 17. Rb1 Ba6 18. Re1 c5 19. Nf3 Rad8 20. Nbd2 Bc3 21. e5
Nd5 22. Ng5 Qe7 23. Qg4 Nc7 24. Nge4 Bc8 25. Qe2 f3 26. Nxf3 Ba6 27. Bg5 Qe8 28.
Qe3 Bxe1 29. Bxd8 Bxf2+ 30. Qxf2 Qxd8 31. Qxc5 Ne6 32. Qxb4 Qd5 33. Qd6 Qxa2 34.
Rb8 h6 35. h3 Bc4 36. Rxf8+ Nxf8 37. Nd4 Bd5 38. Nc3 Qa1+ 39. Kh2 Bxg2 40. Kxg2
Qxc3 1/2-1/2